000 00956nam a22002417a 4500
005 20240305165406.0
007 cr|||| ||||
008 130301e2009 it |||||s|||| 00||0 ita d
020 _a978-88-8422-892-5
035 _a7133
040 _avLex
090 _c3807
_d3807
245 0 0 _aAnnali della Facoltà di Giurisprudenza di Taranto
_bAnno II
_h[Recurso electrónico]
256 _aServicio en línea
260 _aBari :
_bCacucci Editore,
_c2009
300 _a1 Recurso electrónico
506 _dvLex Global
_dvLex Global (Academic Edition, excluding Law Schools)
_dvLex Global (U.S. Academic Edition, Law Schools)
_dvLex Global (U.S. Academic Edition, excluding Law Schools)
_dvLex Global (Academic Edition, Law Schools)
650 0 4 _aJurisprudence
_vRevistas
_zItalia
650 0 4 _aDerecho
_vRevistas
_zItalia
740 _avLex Libros (Servicio en línea)
856 _aAcceso restringido
_uhttp://www.vlex.com/source/7133
942 _cRAA
999 _c162189
_d162189